Teoreticeskaja neorganiceskaja chimija / (Rekord nr 16971)
| 000 -ETYKIETA REKORDU | |
|---|---|
| podpole kontrolne o stałej długości | 00443nam a2200181 i 4500 |
| 001 - NUMER KONTROLNY REKORDU | |
| pole kontrolne | bg |
| 040 ## - ŹRÓDŁO KATALOGOWANIA | |
| Instytucja, która utworzyła rekord | BPK |
| 041 ## - KOD JĘZYKA | |
| Kod języka tekstu | pol |
| 080 ## - UNIWERSALNA KLASYFIKACJA DZIESIĘTNA - UKD | |
| UKD | 546 |
| 008 - POLE O STAŁEJ DŁUGOŚCI - DANE KONTROLNE | |
| podpole kontrolne o stałej długości | s pl f |000 0 pol |
| 100 1# - NAZWA OSOBOWA | |
| Nazwa osobowa | DAY-CLYDE, M. |
| 245 #0 - TYTUŁ/ODPOWIEDZIALNOŚĆ | |
| Tytuł | Teoreticeskaja neorganiceskaja chimija / |
| Pozostałe elementy strefy tytułu i oznaczenia odpowiedzialności | M. Day-Clyde, J. Selbin. |
| 250 ## - STREFA WYDANIA | |
| Oznaczenie wydania | Izd.3. |
| 260 ## - STREFA ADRESU WYDAWNICZEGO | |
| Miejsce wydania | Moskva, |
| Data publikacji, dystrybucji/powstania dokumentu | 1976. |
| 650 #9 - HASŁO PRZEDMIOTOWE W FORMIE NAZWY OGÓLNEJ LUB JEDNOSTKOWEJ | |
| Nazwa ogólna lub geograficzna | Chemia nieorganiczna |
| Określnik ogólny | teoria |
| 700 1# - HASŁO DODATKOWE - NAZWA OSOBOWA | |
| Nazwa osobowa | SELBIN, Joel |
| 856 ## - LOKALIZACJA I DOSTĘP DO ELEKTRONICZNYCH DOKUMENTÓW ZDALNYCH | |
| Link (URL) | http://koha.tu.koszalin.pl/cgi-bin/koha/opac-detail.pl?biblionumber=16971 |
| Tekst linku | Katalog online BPK |
| 942 ## - DODATKOWE ELEMENTY (KOHA) | |
| Typ dokumentu | Książka |
| Wycofany | Status egzemplarza | Uszkodzony | Dostępność | Lokalizacja stała | Lokalizacja bieżąca | Numer ubytku | Sygnatura | Kod kreskowy | Typ dokumentu | Miejsce przechowywania |
|---|---|---|---|---|---|---|---|---|---|---|
| Egz. niedostępny | Niedostępny | Biblioteka Politechniki Koszalińskiej | Biblioteka Politechniki Koszalińskiej | 12026 | 21487 | 02061986 | Książka | |||
| Egz. niedostępny | Niedostępny | Biblioteka Politechniki Koszalińskiej | Biblioteka Politechniki Koszalińskiej | 12027 | 21488 | 01696967 | Książka | |||
| Dostępny | Biblioteka Politechniki Koszalińskiej | Biblioteka Politechniki Koszalińskiej | 21489 | 01696974 | Książka | Wypożyczalnia BG |
